<?xml version="1.0" encoding="UTF-8"?>
<collection xmlns="http://www.loc.gov/MARC21/slim">
 <record>
  <leader>02334nam a2200313 a 4500</leader>
  <controlfield tag="001">1/48891</controlfield>
  <controlfield tag="008">190610s2001    enkaf    bi   00110 eng  </controlfield>
  <datafield tag="020" ind1=" " ind2=" ">
   <subfield code="a">0801865182</subfield>
  </datafield>
  <datafield tag="035" ind1=" " ind2=" ">
   <subfield code="l">51889</subfield>
  </datafield>
  <datafield tag="040" ind1=" " ind2=" ">
   <subfield code="a">GR-PeUP</subfield>
  </datafield>
  <datafield tag="082" ind1="0" ind2="0">
   <subfield code="a">320.94 PAR</subfield>
  </datafield>
  <datafield tag="245" ind1="0" ind2="0">
   <subfield code="a">Parties, politics, and democracy in the new Southern Europe /</subfield>
   <subfield code="c">edited by P. Nikiforos Diamandouros and Richard Gunther.</subfield>
  </datafield>
  <datafield tag="260" ind1="0" ind2=" ">
   <subfield code="a">Baltimore ; London :</subfield>
   <subfield code="b">The Johns Hopkins University Press,</subfield>
   <subfield code="c">c2001.</subfield>
  </datafield>
  <datafield tag="300" ind1=" " ind2=" ">
   <subfield code="a">ix, 471 σ. :</subfield>
   <subfield code="b">εικ. ; πίν. ;</subfield>
   <subfield code="c">24 εκ.</subfield>
  </datafield>
  <datafield tag="490" ind1="1" ind2=" ">
   <subfield code="a">The New Southern Europe ;</subfield>
  </datafield>
  <datafield tag="500" ind1=" " ind2=" ">
   <subfield code="a">Περιέχει ευρετήριο σ. 461-471.</subfield>
  </datafield>
  <datafield tag="504" ind1=" " ind2=" ">
   <subfield code="a">Βιβλιογραφία: σ. 427-456.</subfield>
  </datafield>
  <datafield tag="505" ind1="0" ind2=" ">
   <subfield code="a">List of tables and figures -- Preface and Acknowledgements -- List of anonymous and abbreviations -- 1. Introduction -- 2. Democracy, Southern European style -- 3. The anchors of partisanship: a comparative analysis of voting behavior in four Southern European Democracies -- 4. Antiparty politics and the restructuring of the Italian Party System -- 5. The new campaign politics in Southern Europe -- 6. In search of the Center: Conservative parties, electoral competition, and political legitimacy in Southern Europe's New Democracies -- 7. Mobilizers and late modernizers: socialist parties in the new Southern Europe -- 8. Four actors in search of a role: the Southern European communist parties -- 9. Conclusion -- Appendix: Percentages of popular votes, number of parliamentary seats, and percentages of parliamentary seats of major parties in National Elections in Greece, Italy, Portugal and Spain -- Notes -- References -- Contributors -- Index.</subfield>
  </datafield>
  <datafield tag="650" ind1=" " ind2="4">
   <subfield code="a">Πολιτικά κόμματα</subfield>
   <subfield code="z">Ευρωπαϊκή Οικονομική Κοινότητα, Χώρες της.</subfield>
  </datafield>
  <datafield tag="650" ind1=" " ind2="4">
   <subfield code="a">Political parties</subfield>
   <subfield code="z">Europe.</subfield>
  </datafield>
  <datafield tag="650" ind1=" " ind2="4">
   <subfield code="a">Δημοκρατία</subfield>
   <subfield code="z">Ευρώπη, Νότια.</subfield>
  </datafield>
  <datafield tag="650" ind1=" " ind2="4">
   <subfield code="a">Σοσιαλισμός</subfield>
   <subfield code="z">Ευρώπη, Νότια.</subfield>
  </datafield>
  <datafield tag="650" ind1=" " ind2="4">
   <subfield code="a">Democracy</subfield>
   <subfield code="z">Europe, Southern.</subfield>
  </datafield>
  <datafield tag="650" ind1=" " ind2="4">
   <subfield code="a">Socialism</subfield>
   <subfield code="z">Europe, Southern.</subfield>
  </datafield>
  <datafield tag="700" ind1="1" ind2=" ">
   <subfield code="a">Διαμαντούρος, Νικηφόρος Π.,</subfield>
   <subfield code="d">1942-</subfield>
  </datafield>
  <datafield tag="700" ind1="1" ind2=" ">
   <subfield code="a">Gunther, Richard.</subfield>
  </datafield>
  <datafield tag="830" ind1=" " ind2=" ">
   <subfield code="a">The New Southern Europe.</subfield>
  </datafield>
  <datafield tag="852" ind1=" " ind2=" ">
   <subfield code="a">INST</subfield>
   <subfield code="b">UNIPILB</subfield>
   <subfield code="c">MAIN</subfield>
   <subfield code="e">20190610</subfield>
   <subfield code="h">320.94 PAR</subfield>
   <subfield code="p">00181498</subfield>
   <subfield code="q">00181498</subfield>
   <subfield code="t">LOAN</subfield>
   <subfield code="y">0</subfield>
   <subfield code="4">1</subfield>
  </datafield>
  <datafield tag="856" ind1="4" ind2=" ">
   <subfield code="d">/webopac/covers/03/51889_0801865182.jpg</subfield>
  </datafield>
 </record>
</collection>
